[Event "Championnat de France des Jeunes - Pupil"]
[Site "NIMES"]
[Date "2012.04.18"]
[Round "6.3"]
[White "Bruneau, Maylis"]
[Black "Le Tanneur, Marie"]
[Result "1-0"]
[WhiteElo "1402"]
[BlackElo "1534"]
[PlyCount "81"]

1. c4 e5 2. Nc3 Nf6 3. g3 Nc6 4. Bg2 Bc5 5. d3 d6 6. Nf3 h6 7. O-O O-O 8. a3 a6
9. b4 Ba7 10. b5 Ne7 11. bxa6 bxa6 12. Rb1 c6 13. a4 Be6 14. Ba3 Qd7 15. Qc2
Rab8 16. Nd2 Ng6 17. Nce4 Nxe4 18. Nxe4 c5 19. Bc1 f5 20. Nc3 f4 21. Bd2 Bh3
22. Bd5+ Kh8 23. Rfe1 fxg3 24. fxg3 Qf5 25. Rxb8 Bxb8 26. Qc1 Ne7 27. Be4 Qf2+
28. Kh1 Bc7 29. Bxh6 Kg8 30. Be3 Qf7 31. Nd5 Ba5 32. Rg1 Bg4 33. Nxe7+ Qxe7 34.
Bg5 Qc7 35. Qe3 Bc3 36. Rb1 Bh3 37. Bd5+ Kh8 38. g4 Rf1+ 39. Rxf1 Bxf1 40. Qf2
Bg2+ 41. Qxg2 1-0

[Event "Championnat de France des Jeunes - Pupil"]
[Site "NIMES"]
[Date "2012.04.18"]
[Round "6.4"]
[White "Seite, Yamina"]
[Black "Tournebise, Nikita"]
[Result "1-0"]
[WhiteElo "1470"]
[BlackElo "1382"]
[PlyCount "97"]

1. e4 e5 2. Nf3 Nc6 3. d4 exd4 4. Bc4 Nf6 5. e5 d5 6. exd6 Bxd6 7. O-O O-O 8.
Bg5 Bf5 9. Nbd2 Bc5 10. Nb3 Bb6 11. a4 a6 12. a5 Ba7 13. Re1 Qd6 14. Bxf6 Qxf6
15. Qd2 h6 16. Ra4 Bg4 17. Re4 Bxf3 18. Rf4 Qd6 19. Rxf3 Ne5 20. Rg3 Qc6 21.
Qb4 Rfe8 22. h3 Nxc4 23. Qxc4 Qxc4 24. Rxc4 Bb8 25. Kf1 c5 26. Rg4 Bc7 27. Rxc5
Re7 28. Nxd4 Rae8 29. g3 g6 30. Nf5 Re1+ 31. Kg2 h5 32. Rgc4 Bd8 33. Nd6 R8e6
34. Nxb7 Be7 35. Rc6 R6e5 36. Rxa6 Rd5 37. Ra8+ Kg7 38. a6 Ra1 39. b3 Rb5 40.
Rc7 Bf8 41. Nd8 Bd6 42. Rxf7+ Kh6 43. Ne6 Rb8 44. Rfa7 Re1 45. Nd4 Rxa8 46.
Rxa8 Bc5 47. Rd8 Ra1 48. Ne6 Bb6 49. Rh8# 1-0

[Event "Championnat de France des Jeunes - Pupil"]
[Site "NIMES"]
[Date "2012.04.18"]
[Round "6.5"]
[White "Seyler, Julie"]
[Black "Rollot, Florence"]
[Result "0-1"]
[WhiteElo "1260"]
[BlackElo "1440"]
[PlyCount "58"]

1. e4 e6 2. d4 d5 3. e5 c5 4. Nf3 Nc6 5. c3 Qb6 6. Be2 Nh6 7. O-O Nf5 8. dxc5
Bxc5 9. b4 Be7 10. Bd3 O-O 11. Bxf5 exf5 12. Be3 Qc7 13. Bf4 Be6 14. Nbd2 Rac8
15. Nb3 Rfd8 16. Qe2 a6 17. a4 d4 18. cxd4 Nxd4 19. Nbxd4 Bc4 20. Qd2 Bxf1 21.
Rxf1 Qc3 22. Qd1 Bxb4 23. Nh4 Rxd4 24. Qh5 Rxf4 25. Qg5 Qxe5 26. Nf3 Qe4 27.
Rd1 Qc2 28. Rf1 Rg4 29. Qe3 Qe4 0-1

[Event "Championnat de France des Jeunes - Pupil"]
[Site "NIMES"]
[Date "2012.04.19"]
[Round "7.1"]
[White "Seite, Yamina"]
[Black "Broly, Mathilde"]
[Result "1/2-1/2"]
[WhiteElo "1470"]
[BlackElo "1687"]
[PlyCount "107"]

1. e4 c5 2. Nf3 d6 3. d4 cxd4 4. Nxd4 Nf6 5. Nc3 g6 6. Be3 Bg7 7. f3 O-O 8. Qd2
Nc6 9. g4 Nxd4 10. Bxd4 Be6 11. Be3 Qa5 12. Bh6 Bxh6 13. Qxh6 Rfc8 14. Qd2 Rc5
15. Bd3 a6 16. a3 Qc7 17. h4 d5 18. exd5 Qg3+ 19. Qf2 Qxf2+ 20. Kxf2 Nxd5 21.
Ne4 Rc6 22. Ng3 Rac8 23. Rad1 Rxc2+ 24. Bxc2 Rxc2+ 25. Ke1 Rxb2 26. Rd3 Rb1+
27. Kf2 Rb2+ 28. Ke1 Rb1+ 29. Kf2 Rxh1 30. Nxh1 b5 31. Ng3 Kg7 32. Ne4 Nf4 33.
Rc3 Bc4 34. Nc5 a5 35. a4 Nd5 36. Rc1 Nb4 37. Kg3 Na2 38. Rc2 Nb4 39. Rc1 Nd3
40. Nxd3 Bxd3 41. axb5 Bxb5 42. Rc5 Ba4 43. Rxa5 Bb3 44. Ra7 e6 45. h5 h6 46.
hxg6 Kxg6 47. f4 Bc2 48. Rc7 Bd3 49. Rd7 Bc2 50. Rc7 Bd3 51. Rd7 Bc2 52. Rc7
Bd3 53. Rd7 Bc2 54. Rc7 1/2-1/2

[Event "Championnat de France des Jeunes - Pupil"]
[Site "NIMES"]
[Date "2012.04.19"]
[Round "7.2"]
[White "Guerin, Juliette"]
[Black "Lomandong, Noela-Joyce"]
[Result "1/2-1/2"]
[WhiteElo "1600"]
[BlackElo "1473"]
[PlyCount "55"]

1. e4 e5 2. Bc4 c6 3. d3 Nf6 4. Nf3 d5 5. Bb3 Bg4 6. Nc3 Bb4 7. Bd2 d4 8. Ne2
Bxd2+ 9. Nxd2 b5 10. h3 Bd7 11. O-O Bc8 12. a3 Nbd7 13. f4 exf4 14. Nxf4 Ne5
15. Nf3 Ng6 16. Nxg6 hxg6 17. Ng5 Be6 18. Nxe6 fxe6 19. Bxe6 Qd6 20. Bb3 Qe5
21. Re1 Rxh3 22. gxh3 Qg3+ 23. Kh1 Qxh3+ 24. Kg1 Qg3+ 25. Kh1 Qh3+ 26. Kg1 Qg3+
27. Kh1 Qh3+ 28. Kg1 1/2-1/2

[Event "Championnat de France des Jeunes - Pupil"]
[Site "NIMES"]
[Date "2012.04.19"]
[Round "7.3"]
[White "Rollot, Florence"]
[Black "Bruneau, Maylis"]
[Result "1-0"]
[WhiteElo "1440"]
[BlackElo "1402"]
[PlyCount "101"]

1. Nf3 c5 2. c4 g6 3. g3 Bg7 4. Bg2 Nc6 5. O-O d6 6. d3 e5 7. Nc3 Nge7 8. Bg5
h6 9. Bd2 Be6 10. Rb1 O-O 11. a3 d5 12. Nxd5 Bxd5 13. cxd5 Nxd5 14. Qc1 b6 15.
Bxh6 Rc8 16. Bxg7 Kxg7 17. Qc4 Rh8 18. Nxe5 Nxe5 19. Qxd5 Qxd5 20. Bxd5 Rce8
21. Rbd1 Ng4 22. h4 Nf6 23. Bf3 Rd8 24. b4 cxb4 25. axb4 Rd4 26. b5 Re8 27. e3
Rd6 28. d4 Nd5 29. Rc1 Re7 30. e4 Nc7 31. d5 Nxb5 32. Rfe1 Nd4 33. Bg4 a5 34.
Rc4 Nb3 35. Rd1 Nc5 36. Bf3 a4 37. Re1 f5 38. e5 Rdd7 39. d6 Rxd6 40. exd6
Rxe1+ 41. Kg2 a3 42. Rc2 Ra1 43. Rxc5 bxc5 44. d7 a2 45. d8=Q Rg1+ 46. Kxg1
a1=Q+ 47. Qd1 Qc3 48. Qd7+ Kf6 49. Bd5 Qd4 50. Qf7+ Ke5 51. Qe6# 1-0

[Event "Championnat de France des Jeunes - Pupil"]
[Site "NIMES"]
[Date "2012.04.19"]
[Round "7.4"]
[White "Ruth, Katarina"]
[Black "Haidu, Cristina-Veronica"]
[Result "1-0"]
[WhiteElo "1480"]
[BlackElo "1568"]
[PlyCount "105"]

1. e4 c5 2. Nf3 e6 3. d4 cxd4 4. Nxd4 a6 5. c4 Nf6 6. Nc3 Qc7 7. Bd3 b6 8. f3
Bb7 9. Be3 Nc6 10. Qd2 Bc5 11. Nc2 Bxe3 12. Qxe3 Ne5 13. O-O O-O 14. Qe2 Rfe8
15. Ne3 Rad8 16. Rac1 Qb8 17. Rfd1 d5 18. cxd5 exd5 19. exd5 Nxd5 20. Bxh7+ Kh8
21. Ncxd5 Bxd5 22. Nxd5 Ng4 23. Qxe8+ Rxe8 24. fxg4 Kxh7 25. Rc7 Rd8 26. Rxf7
Qe5 27. Rf5 Qe8 28. Kf2 Rc8 29. Rd2 Rc1 30. Re2 Qc6 31. Ne7 g6 32. Nxc6 gxf5
33. Ne5 fxg4 34. Nxg4 Rc8 35. h4 Rf8+ 36. Kg3 Rg8 37. Re6 Rb8 38. h5 Rb7 39. h6
a5 40. Kh4 b5 41. Kh5 b4 42. Rg6 Rb8 43. Nf6+ Kh8 44. Rg8+ Rxg8 45. Nxg8 Kxg8
46. g4 Kh8 47. g5 Kg8 48. g6 Kh8 49. g7+ Kh7 50. Kg5 Kg8 51. Kf6 Kh7 52. Kf7
Kxh6 53. g8=Q 1-0

[Event "Championnat de France des Jeunes - Pupil"]
[Site "NIMES"]
[Date "2012.04.19"]
[Round "7.5"]
[White "Devaux, Juliette"]
[Black "Mathey, Fannie"]
[Result "0-1"]
[WhiteElo "1350"]
[BlackElo "1500"]
[PlyCount "118"]

1. e4 e5 2. Nf3 Nc6 3. Bc4 Bc5 4. c3 Nf6 5. d4 exd4 6. e5 d5 7. Bb5 Ne4 8. cxd4
Bb4+ 9. Nbd2 Bg4 10. Qb3 Bxd2+ 11. Nxd2 Nxd2 12. Bxd2 a6 13. Bxc6+ bxc6 14. Qg3
Be6 15. Qxg7 Kd7 16. Qf6 Qxf6 17. exf6 Rag8 18. Rg1 Rg6 19. f4 Rxf6 20. g4 Re8
21. Kf2 Kc8 22. h4 c5 23. dxc5 d4 24. b4 Bc4 25. Kf3 Re2 26. g5 Rfe6 27. f5
Bd5+ 28. Kg4 R6e4+ 29. Bf4 Rf2 30. Rgf1 Rxa2 31. Rxa2 Bxa2 32. h5 d3 33. g6
fxg6 34. fxg6 hxg6 35. hxg6 d2 36. Rd1 Bb3 37. Rxd2 Rxb4 38. Rb2 Be6+ 39. Kg5
Rxb2 40. Kf6 Rf2 41. Kxe6 Rxf4 42. g7 Rg4 43. Kf7 Rxg7+ 44. Kxg7 Kd7 45. Kf7
Kc6 46. Ke7 Kxc5 47. Kd7 a5 48. Kxc7 a4 49. Kb7 a3 50. Ka6 a2 51. Kb7 a1=Q 52.
Kc7 Qf6 53. Kb7 Qb6+ 54. Kc8 Qa7 55. Kd8 Kc6 56. Ke8 Kd6 57. Kf8 Ke6 58. Kg8
Kf6 59. Kh8 Qg7# 0-1

[Event "Championnat de France des Jeunes - Pupil"]
[Site "NIMES"]
[Date "2012.04.20"]
[Round "8.1"]
[White "Broly, Mathilde"]
[Black "Ruth, Katarina"]
[Result "1-0"]
[WhiteElo "1687"]
[BlackElo "1480"]
[PlyCount "67"]

1. Nf3 Nf6 2. d4 g6 3. g3 Bg7 4. Bg2 O-O 5. O-O d6 6. c4 Nbd7 7. Nc3 e5 8. d5
Nb6 9. Nd2 Bd7 10. Rb1 c6 11. b3 cxd5 12. cxd5 Qe7 13. Ba3 Rfd8 14. Nde4 Nxe4
15. Nxe4 Be8 16. f3 f5 17. Nf2 Bd7 18. e4 Rf8 19. Qd2 Rac8 20. Rbc1 Bb5 21.
Rxc8 Rxc8 22. Re1 fxe4 23. Nxe4 Rd8 24. Bxd6 Rxd6 25. Qb4 Rd7 26. d6 Qe6 27.
Qxb5 Qf7 28. Qa5 Nc8 29. Bh3 Kf8 30. Bxd7 Qxd7 31. Qc7 Qxc7 32. dxc7 Ke7 33.
Rd1 Bf8 34. Rd8 1-0

[Event "Championnat de France des Jeunes - Pupil"]
[Site "NIMES"]
[Date "2012.04.20"]
[Round "8.3"]
[White "Lomandong, Noela-Joyce"]
[Black "Seite, Yamina"]
[Result "1-0"]
[WhiteElo "1473"]
[BlackElo "1470"]
[PlyCount "93"]

1. e4 e6 2. d4 d5 3. exd5 exd5 4. Bd3 Nf6 5. Bf4 Be7 6. h3 O-O 7. Qf3 Nbd7 8.
Ne2 c5 9. c3 Nb6 10. Nd2 cxd4 11. Nxd4 Bd6 12. O-O Na4 13. Rab1 a6 14. Bg5 Be5
15. N2b3 Re8 16. Nf5 Bxf5 17. Qxf5 g6 18. Qf3 Nb6 19. Rfe1 Nc4 20. Bxc4 dxc4
21. Rbd1 Qb6 22. Nd2 Rac8 23. Bxf6 Qxf6 24. Qxb7 Qc6 25. Qxc6 Rxc6 26. f4 Rce6
27. Rxe5 Rxe5 28. fxe5 Rxe5 29. Nxc4 Rc5 30. Ne3 Re5 31. Kf2 f5 32. Rd6 a5 33.
Rd5 Re8 34. Rxa5 Kf7 35. Ra7+ Kg8 36. Nd5 Re6 37. Re7 Rd6 38. c4 h5 39. a4 Kf8
40. Rb7 Ke8 41. Rb6 Rd8 42. a5 Rc8 43. b3 Ra8 44. Nc7+ Kd7 45. Nxa8 Kc8 46. a6
g5 47. a7 1-0

[Event "Championnat de France des Jeunes - Pupil"]
[Site "NIMES"]
[Date "2012.04.20"]
[Round "8.4"]
[White "Hadji, Rasmie"]
[Black "Guerin, Juliette"]
[Result "1/2-1/2"]
[WhiteElo "1680"]
[BlackElo "1600"]
[PlyCount "106"]

1. e4 e5 2. Nf3 Nc6 3. d4 exd4 4. Nxd4 Bb4+ 5. c3 Bc5 6. Bc4 Nge7 7. O-O O-O 8.
Be3 Bb6 9. Re1 d5 10. Nxc6 bxc6 11. exd5 Nxd5 12. Bxd5 cxd5 13. Nd2 Bf5 14. Nb3
Re8 15. Bxb6 axb6 16. Rxe8+ Qxe8 17. Qxd5 Be6 18. Qe5 Qd7 19. Qe1 Re8 20. Qd1
Qe7 21. h3 Qg5 22. Qf3 c5 23. Rd1 Rb8 24. Qg3 Qxg3 25. fxg3 h6 26. Rd6 Kf8 27.
Nc1 Ke7 28. Rd2 Ra8 29. a3 f6 30. Kf2 Ra4 31. Kf3 Bf5 32. g4 Be4+ 33. Kg3 Bc6
34. Ne2 Re4 35. Nc1 Re3+ 36. Kf2 Re4 37. Re2 Rxe2+ 38. Nxe2 Kd6 39. Nf4 g5 40.
Nh5 Ke5 41. g3 Be8 42. Ke3 Bg6 43. Ng7 Kd5 44. Nh5 Bxh5 45. gxh5 c4 46. Kf3 Ke5
47. g4 b5 48. Ke3 Kd5 49. Kf3 Ke5 50. Ke3 Kd5 51. Kf3 Ke5 52. Ke3 Kd5 53. Kf3
Ke5 1/2-1/2

[Event "Championnat de France des Jeunes - Pupil"]
[Site "NIMES"]
[Date "2012.04.20"]
[Round "8.5"]
[White "Schwindling, Marie"]
[Black "Benezra, Esther"]
[Result "1/2-1/2"]
[WhiteElo "1573"]
[BlackElo "1310"]
[PlyCount "119"]

1. d4 d5 2. c4 e6 3. Nc3 Nf6 4. Bg5 Nbd7 5. Nf3 c6 6. e3 Qa5 7. Qc2 Ne4 8. c5
b6 9. Bd3 Nxg5 10. Nxg5 bxc5 11. dxc5 Bxc5 12. O-O h6 13. Nf3 Ba6 14. a3 Bxd3
15. Qxd3 Qc7 16. b4 Bd6 17. e4 Ne5 18. Nxe5 Bxe5 19. h3 dxe4 20. Qe3 Rd8 21.
Rad1 Rxd1 22. Rxd1 O-O 23. Nxe4 Bf4 24. Qe2 Qe5 25. Qc2 f5 26. Nc5 Ra8 27. Qc4
a5 28. Nxe6 Bh2+ 29. Kh1 Kh7 30. Rd7 axb4 31. Qxc6 Rg8 32. axb4 Bf4 33. Nxf4
Qxf4 34. b5 Qxf2 35. Qf3 Qxf3 36. gxf3 Rb8 37. Rd5 Kg6 38. Kg2 Kf6 39. Kg3 g5
40. f4 Rc8 41. Rd6+ Kg7 42. Rc6 Ra8 43. Rc3 Ra5 44. Rb3 Ra8 45. fxg5 hxg5 46.
b6 Rb8 47. Rb5 Kf6 48. h4 gxh4+ 49. Kxh4 Ke6 50. Kg5 Kd6 51. Kxf5 Kc6 52. Re5
Rxb6 53. Re6+ Kb5 54. Re4 Kc6 55. Re6+ Kb5 56. Re2 Kc6 57. Rc2+ Kb7 58. Re2
Rb5+ 59. Re5 Rxe5+ 60. Kxe5 1/2-1/2

[Event "Championnat de France des Jeunes - Pupil"]
[Site "NIMES"]
[Date "2012.04.21"]
[Round "9.1"]
[White "Le Tanneur, Marie"]
[Black "Broly, Mathilde"]
[Result "1-0"]
[WhiteElo "1534"]
[BlackElo "1687"]
[PlyCount "87"]

1. e4 c5 2. Nc3 Nc6 3. f4 g6 4. Bc4 Bg7 5. Nf3 d6 6. d3 e6 7. O-O Nge7 8. Qe1
O-O 9. f5 exf5 10. Qh4 Ne5 11. Nxe5 dxe5 12. Bg5 Qd7 13. Bxe7 Re8 14. Bg5 Qd4+
15. Kh1 Qd6 16. Bb5 Bd7 17. Bxd7 Qxd7 18. exf5 Qd4 19. Qxd4 exd4 20. fxg6 fxg6
21. Ne4 b6 22. Rad1 h6 23. Bxh6 Re7 24. Bg5 Re5 25. Nf6+ Bxf6 26. Bxf6 Ree8 27.
g3 Rf8 28. Kg2 Rae8 29. Be7 Rxf1 30. Kxf1 Kf7 31. Bd6 Rd8 32. Bf4 Rh8 33. Kg2
Rd8 34. Rf1 Kg7 35. Re1 Kf7 36. h4 Rd7 37. g4 Kg7 38. h5 gxh5 39. gxh5 Kh7 40.
h6 Rf7 41. Kg3 Kg6 42. Kg4 Kh7 43. Kg5 Rd7 44. Kf6 1-0

[Event "Championnat de France des Jeunes - Pupil"]
[Site "NIMES"]
[Date "2012.04.21"]
[Round "9.2"]
[White "Rollot, Florence"]
[Black "Lomandong, Noela-Joyce"]
[Result "0-1"]
[WhiteElo "1440"]
[BlackElo "1473"]
[PlyCount "174"]

1. Nf3 f5 2. c4 Nf6 3. d3 g6 4. g3 Bg7 5. Bg5 O-O 6. Qd2 c6 7. Bh6 d6 8. Bxg7
Kxg7 9. Bg2 e5 10. Qc3 Be6 11. Nbd2 Nbd7 12. b4 Qc7 13. O-O h6 14. a4 a6 15.
Rac1 Rfc8 16. Rb1 Rab8 17. Rfc1 g5 18. Ne1 Nf8 19. Nc2 b5 20. cxb5 cxb5 21.
Qxc7+ Rxc7 22. axb5 axb5 23. Ne3 Rbc8 24. Rxc7+ Rxc7 25. Ra1 Ng6 26. Ra5 f4 27.
Nef1 Bd7 28. Ne4 Nxe4 29. Bxe4 Ne7 30. Ra6 Bc6 31. Rb6 d5 32. Bf3 e4 33. dxe4
dxe4 34. Bg4 Nd5 35. Rb8 Nxb4 36. Nd2 Bb7 37. Re8 Bc6 38. Re5 Kf6 39. Re6+ Kg7
40. Nxe4 Nd5 41. Bh5 b4 42. Rg6+ Kh7 43. Nd2 Be8 44. Rd6 Bxh5 45. Rxd5 Bxe2 46.
gxf4 gxf4 47. Rd4 f3 48. Nb3 Rc4 49. Rxc4 Bxc4 50. Nd2 Be2 51. h4 Kg6 52. Kh2
Kf5 53. Kg3 h5 54. Nb1 b3 55. Nd2 b2 56. Nb1 Bd3 57. Nd2 Be4 58. Kh3 Kf4 59.
Kh2 Kg4 60. Kh1 Kxh4 61. Kh2 Kg4 62. Kg1 b1=Q+ 63. Nxb1 Bxb1 64. Kh2 Bd3 65.
Kg1 Kh3 66. Kh1 Bf1 67. Kg1 h4 68. Kh1 Bg2+ 69. Kg1 Kg4 70. Kh2 h3 71. Kg1 Kf4
72. Kh2 Ke4 73. Kg1 Kd3 74. Kh2 Kd2 75. Kg1 Ke1 76. Kh2 Kf1 77. Kg3 Kg1 78. Kg4
h2 79. Kg3 h1=Q 80. Kf4 Qh4+ 81. Ke5 Kxf2 82. Kd5 Ke3 83. Kc5 Qd4+ 84. Kb5 f2
85. Ka5 Qb2 86. Ka4 Bc6+ 87. Ka5 Qb5# 0-1

[Event "Championnat de France des Jeunes - Pupil"]
[Site "NIMES"]
[Date "2012.04.21"]
[Round "9.3"]
[White "Guerin, Juliette"]
[Black "Tournebise, Nikita"]
[Result "1-0"]
[WhiteElo "1600"]
[BlackElo "1382"]
[PlyCount "47"]

1. e4 e5 2. Bc4 Bc5 3. Nc3 Nf6 4. d3 h6 5. f4 d6 6. f5 Nc6 7. h3 g6 8. fxg6
fxg6 9. Nf3 a6 10. a3 Nh5 11. g4 Nf4 12. Bxf4 exf4 13. Nd5 Rf8 14. Qe2 Ne5 15.
O-O-O Nxf3 16. Qxf3 b5 17. Ba2 a5 18. e5 Bd7 19. Nf6+ Ke7 20. Qxf4 g5 21. Qe4
Be6 22. Bxe6 Kxe6 23. Qf5+ Ke7 24. Nd5+ 1-0

[Event "Championnat de France des Jeunes - Pupil"]
[Site "NIMES"]
[Date "2012.04.21"]
[Round "9.4"]
[White "Haidu, Cristina-Veronica"]
[Black "Bruneau, Maylis"]
[Result "1/2-1/2"]
[WhiteElo "1568"]
[BlackElo "1402"]
[PlyCount "72"]

1. e4 c5 2. c3 Nf6 3. f3 d6 4. d4 cxd4 5. cxd4 Nc6 6. Nc3 g6 7. Bc4 Bg7 8. Nge2
O-O 9. O-O e6 10. Kh1 d5 11. exd5 exd5 12. Bb3 Bf5 13. Ng3 Qd7 14. Be3 Rfe8 15.
Qd2 Re7 16. Rfe1 Rae8 17. Bf2 a6 18. Rxe7 Rxe7 19. Re1 Rxe1+ 20. Qxe1 b5 21.
Nxf5 Qxf5 22. Nxd5 Nxd5 23. Qe8+ Bf8 24. Qxc6 Nb4 25. Qb7 Bd6 26. g4 Qf4 27.
Bg3 Qc1+ 28. Kg2 Qd2+ 29. Kf1 Qd3+ 30. Kg2 Qd2+ 31. Kh3 Qh6+ 32. Bh4 Qf4 33.
Bg3 Qh6+ 34. Bh4 Qf4 35. Bg3 Qh6+ 36. Bh4 Qf4 1/2-1/2

[Event "Championnat de France des Jeunes - Pupil"]
[Site "NIMES"]
[Date "2012.04.21"]
[Round "9.5"]
[White "Ruth, Katarina"]
[Black "Hadji, Rasmie"]
[Result "1/2-1/2"]
[WhiteElo "1480"]
[BlackElo "1680"]
[PlyCount "82"]

1. e4 c6 2. d4 d5 3. Nd2 dxe4 4. Nxe4 Bf5 5. Ng3 Bg6 6. f4 Nf6 7. h4 h5 8. Nf3
Ne4 9. Nxe4 Bxe4 10. Ng5 Bf5 11. Bc4 e6 12. Be3 Be7 13. g3 Nd7 14. Nf3 Bg4 15.
Be2 Qa5+ 16. Qd2 Qxd2+ 17. Bxd2 Rc8 18. O-O-O Nf6 19. Rhg1 Ne4 20. Be3 Bb4 21.
a3 Ba5 22. b4 Bb6 23. Kb2 Rd8 24. c3 Ke7 25. Rde1 Rhg8 26. Ne5 Bxe2 27. Rxe2 f6
28. Nf3 Kf7 29. g4 hxg4 30. Rxg4 Nd6 31. Kb3 Nf5 32. Bd2 a5 33. Rh2 Ra8 34. h5
Rh8 35. Rg1 axb4 36. axb4 Rh7 37. Kc4 Nd6+ 38. Kd3 Nf5 39. Kc4 Nd6+ 40. Kd3 Nf5
41. Kc4 Nd6+ 1/2-1/2